Mer Caraïbe

-д хадгалсан:
Номзүйн дэлгэрэнгүй
Үндсэн зохиолч: Arnaud, Odette (Зохиогч)
Формат: Ном
Хэл сонгох:франц
Хэвлэсэн: París Denoël et Steele 1934
Хэвлэл:1a. ed
Нөхцлүүд:
Шошгууд: Шошго нэмэх
Шошго байхгүй, Энэхүү баримтыг шошголох эхний хүн болох!

MARC

LEADER 00000nam a2200000 a 4500
001 UCJ3679
003 CL-VaPUC
008 070124e19340000FR |||||||||||||||||fre|d
082 0 4 |a 910.4  |b ARN  |2 21 
100 0 |a Arnaud, Odette  |e author  |9 505897 
245 1 0 |a Mer Caraïbe 
250 |a 1a. ed 
300 |a 254 p 
942 |c BK 
945 |d 20070124 00:00:00  |a rinostro 
260 |a París  |b Denoël et Steele  |c 1934 
650 0 |a Viajes  |9 257115 
650 7 |a COLONIZACION FRANCESA  |2 CL-VaPUC  |9 505837 
650 0 |a Cultura  |9 269059 
650 0 |a Brujería   |9 335555 
650 7 |a MAGIA  |2 CL-VaPUC  |9 319651 
650 7 |a INDIOS CARIBES  |2 CL-VaPUC  |9 505898 
651 7 |a ANTILLAS FRANCESAS  |2 CL-VaPUC  |9 505899 
651 7 |a MARTINICA  |2 CL-VaPUC  |9 404254 
583 |a last modification  |c 20070124 00:00:00  |k Rodrigo Vera 
999 |c 319801  |d 319799 
952 |0 0  |1 0  |4 0  |6 910_400000000000000_ARN_1934  |7 0  |8 X  |9 398180  |a FDOBUD  |b FDOBUD  |d 2019-11-22  |i 1006711  |o 910.4 ARN 1934  |p 1006711  |r 2019-11-22  |w 2019-11-22  |y BK_X  |k BUD